000 00543nam a2200181Ia 4500
008 151018s9999 xx 000 0 und d
082 _bRBASDV25602
_a891.463
100 _aललिता बापट
245 _aशलाका
250 _b1
260 _bबांदोडकर पब्लिशिंग कंपनी मुंबई
300 _a189
600 _aललिता बापट
630 _aशलाका
700 _aललिता बापट
730 _aशलाका
942 _cBOOK
999 _c1025215
_d1025212